Materialismo histórico y posmodernidad. La historiografía marxista occidental en la crisis de la modernidad.

Збережено в:
Бібліографічні деталі
Автор: Castaños Montesinos, Alvaro (autor)
Формат: Невідомо
Опубліковано: Sant Vicent del Raspeig, Alicante, España: Publicacions Universitat d' Alacant, 2023.
Серія:Historia.
Предмети:
Теги: Додати тег
Немає тегів, Будьте першим, хто поставить тег для цього запису!

MARC

LEADER 00000 a2200000 4500
003 CL-VaPUC
005 20240327093318.0
008 240314t2023 ||||| |||| 00| 0 eng d
999 |c 443164  |d 443162 
020 |a 9788497178150 
040 |c Pontificia Universidad Católica de Valparaíso 
082 7 |a 335.4119 CAS 2023  |2 22 
100 |a Castaños Montesinos, Alvaro  |9 887600  |e autor 
245 |a Materialismo histórico y posmodernidad.  |b La historiografía marxista occidental en la crisis de la modernidad.  
260 |a Sant Vicent del Raspeig, Alicante, España:   |b Publicacions Universitat d' Alacant,   |c 2023. 
300 |a 401 páginas.  
490 |a Historia. 
583 |k GC  |c 20240314 
650 |a Marxismo  |x Historiografía   |y 1968-2018  |9 887748 
650 |a Ciencia marxista   |x Escuelas   |x Historia   |y 1968-2018  |9 887749 
942 |2 ddc  |c BK 
952 |0 0  |1 0  |2 ddc  |4 0  |6 335_411900000000000_CAS_2023  |7 0  |8 A  |9 593620  |a BIBHIS  |b BIBHIS  |d 2024-03-11  |e 3  |g 26254.00  |i 5660305  |o 335.4119 CAS 2023  |p 5660305  |r 2024-03-11  |t 1  |v 26254.00  |w 2024-03-11  |y BK  |k HIS